| 000 | 00674nam a2200217 i 4500 | ||
|---|---|---|---|
| 001 | 169336 | ||
| 003 | ES-MaACL | ||
| 005 | 20250911062846.0 | ||
| 008 | 080901s2008 sp |||| | spa d | ||
| 017 | _aM-2.919-2008 | ||
| 020 | _a978-84-7522-043-7 | ||
| 080 | _a821.134.2(728.5)-14"19" | ||
| 100 | 1 |
_aFernández, Francisco de Asís. _9138421 |
|
| 245 | 1 | 0 |
_aOrquídeas salvajes / _cFrancisco de Asís Fernández. |
| 260 |
_aMadrid : _bVisor Libros, _c2008. |
||
| 300 |
_a159 p. ; _c20 cm. |
||
| 490 | 1 |
_aColección Visor de poesía ; _v673 |
|
| 830 | 0 |
_aColección Visor de poesía _v673 _9177331 |
|
| 852 | 4 |
_aES-MaACL _jL-29679 _9R.143497 |
|
| 999 |
_c169336 _d169336 |
||